000 00266nam a22001337a 4500
008 210521b ||||| |||| 00| 0 eng d
041 _aeng
080 _a7
082 _a7
100 _a44
101 _aART
245 _aHorizon
_cRobert Osborn
942 _2udc
_cBK
999 _c57557
_d57557